Statistics for Albums Of 1967

Click here to take the quiz!

General Stats

  • This quiz has been taken 40 times
  • The average score is 11 of 20

Answer Stats

AlbumArtist% Correct
Sgt Pepper's Lonely Hearts Club BandThe Beatles
100%
Are You ExperiencedThe Jimi Hendrix Experience
88%
Their Satanic Majesties RequestThe Rolling Stones
85%
The Piper At The Gates Of DawnPink Floyd
79%
The ___ Sell OutThe Who
76%
Strange DaysThe Doors
74%
Alice's RestaurantArlo Guthrie
68%
Disraeli GearsCream
68%
John Wesley HardingBob Dylan
56%
Surrealistic PillowJefferson Airplane
47%
Smiley SmileThe Beachboys
47%
Days Of Future PassedThe Moody Blues
47%
Ode To Billie JoBobbie Gentry
44%
Forever ChangesLove
35%
Pisces Aquarius Capricorn & Jones, LtdThe Monkees
35%
Mr FantasyTraffic
32%
Younger Than YesterdayThe Byrds
26%
I-Feel-Like-I'm-Fixin'-To-DieCountry Joe and the Fish
18%
Let;s Live For TodayThe Grass Roots
15%
The Time Has ComeThe Chambers Brothers
12%

Score Distribution

Percentile by Number Answered

Percent of People with Each Score

Your Score History

You have not taken this quiz